| 000 | 00473nam a2200181Ia 4500 | ||
|---|---|---|---|
| 003 | LK-CoDNM | ||
| 005 | 20240912112612.0 | ||
| 008 | 010623t1888 xxu||||| |||| 00| 1 eng d | ||
| 040 |
_aLK-CoDNM _dLK-CoDNM _eLK-CoDNM |
||
| 041 | _aeng | ||
| 080 |
_a6 _bN19 |
||
| 100 | _aFerguson, A.N. J. | ||
| 245 | _aAll about Gold, Gems, and Pearls in Ceylon and Southern India | ||
| 260 |
_bFerguson _aColombo _c1888 |
||
| 300 | _b428p. ; 22 cm | ||
| 650 | _aMinerals | ||
| 942 | _cBK | ||
| 999 |
_c82894 _d82894 |
||